LIBRARY ONLINE CATALOGUE

Practical resuscitation for healthcare professionals / (Record no. 10286)

MARC details
000 -LEADER
fixed length control field 00715nam a22002292 4500
001 - CONTROL NUMBER
control field 0000024449
005 - DATE AND TIME OF LATEST TRANSACTION
control field 20151217152302.0
008 - FIXED-LENGTH DATA ELEMENTS--GENERAL INFORMATION
fixed length control field 131125s xx 000 0 eng d
020 ## - INTERNATIONAL STANDARD BOOK NUMBER
International Standard Book Number 1405193542 :
040 ## - CATALOGING SOURCE
Original cataloging agency KABU
Transcribing agency KABU
245 10 - TITLE STATEMENT
Title Practical resuscitation for healthcare professionals /
Statement of responsibility, etc. edited by Pam Moule and John W. Albarran.
250 ## - EDITION STATEMENT
Edition statement 2nd ed.
260 ## - PUBLICATION, DISTRIBUTION, ETC. (IMPRINT)
Place of publication, distribution, etc. Oxford :
Name of publisher, distributor, etc. Blackwell,
Date of publication, distribution, etc. 2009.
300 ## - PHYSICAL DESCRIPTION
Extent x, 236 p.
650 #0 - SUBJECT ADDED ENTRY--TOPICAL TERM
Topical term or geographic name as entry element Resuscitation.
-- 0000184574
650 #0 - SUBJECT ADDED ENTRY--TOPICAL TERM
Topical term or geographic name as entry element Emergency nursing.
-- 0000183307
700 1# - ADDED ENTRY--PERSONAL NAME
Personal name Moule, Pam.
-- 0000181923
700 1# - ADDED ENTRY--PERSONAL NAME
Personal name Albarran, John W.
-- 0000184575
852 1# - LOCATION
-- p4800 KES
908 ## - PUT COMMAND PARAMETER (RLIN)
Put command parameter 131125
950 ## - LOCAL HOLDINGS (RLIN)
-- 1
Holdings
Withdrawn status Lost status Source of classification or shelving scheme Not for loan Home library Current library Date acquired Total Checkouts Full call number Barcode Date last seen Date last checked out Price effective from Koha item type
    Library of Congress Classification   Kabarak, Main Campus Kabarak, Main Campus 17/12/2015 1 RC87.9 .P73 2009 c. 1 016193 29/10/2018 16/10/2018 17/12/2015 General Collection